000 00758nam a2200253Ia 4500
003 OSt
005 20220923223417.0
006 a|||||r|||| 00| 0
007 ta
008 220922b |||||||| |||| 00| 0 hin d
024 _a214,968
037 _cTextual
040 _aARTS
_cARTS
_bhin
041 _2hin
_ahin
082 _aO157,3N12x, 152M3
100 _aमित्र, विमल
245 0 _aफिर एक दिन
246 _aFir ek dina
260 _aदिल्ली
_b सन्मार्ग प्रका0
_c1983
300 _a236 पृ.
_ccm.
650 _aबंगाली कहानी
942 _hO157,3N12x, 152M3
_cTEXL
_2CC
999 _c364882
_d364882